| 000 | 01692cam a22003734a 4500 | ||
|---|---|---|---|
| 001 | 15044375 | ||
| 005 | 20220721124113.0 | ||
| 008 | 071015s2007 enk b 001 0 eng | ||
| 010 | _a 2007310262 | ||
| 015 |
_aGBA6A2282 _2bnb |
||
| 016 | 7 |
_a013618708 _2Uk |
|
| 020 | _a9780521835749 (hbk.) | ||
| 020 | _a9780521172899 | ||
| 035 | _a(OCoLC)ocm76935898 | ||
| 040 |
_aUk _cUk _dBAKER _dNcChaBTT _dOrLoB _dNhCcYBP _dDLC |
||
| 042 | _alccopycat | ||
| 050 | 0 | 0 |
_aK3247 _b.X36 2007 |
| 082 | 0 | 4 |
_a341.4852 _bXAN |
| 100 | 1 |
_aXanthaki, Alexandra. _994368 |
|
| 245 | 1 | 0 |
_aIndigenous rights and United Nations standards : _bself-determination, culture and land / _cAlexandra Xanthaki. |
| 260 |
_aCambridge, UK ; _aNew York : _bCambridge University Press, _c2007. |
||
| 300 |
_axxxix, 314 p. ; _c24 cm. |
||
| 490 | 1 | _aCambridge studies in international and comparative law | |
| 504 | _aIncludes bibliographical references (p. 286-305) and index. | ||
| 650 | 0 |
_aIndigenous peoples _xCivil rights. _994369 |
|
| 830 | 0 |
_aCambridge studies in international and comparative law (Cambridge, England : 1996) _994367 |
|
| 856 | 4 | 2 |
_3Contributor biographical information _uhttp://www.loc.gov/catdir/enhancements/fy0803/2007310262-b.html |
| 856 | 4 | 2 |
_3Publisher description _uhttp://www.loc.gov/catdir/enhancements/fy0803/2007310262-d.html |
| 856 | 4 | 1 |
_3Table of contents only _uhttp://www.loc.gov/catdir/enhancements/fy0803/2007310262-t.html |
| 856 | 4 | 2 |
_3Book review (H-Net) _uhttp://www.h-net.org/reviews/showrev.php?id=23556 |
| 906 |
_a7 _bcbc _ccopycat _d2 _encip _f20 _gy-gencatlg |
||
| 942 |
_2ddc _cBK |
||
| 999 |
_c590474 _d590474 |
||